|
|
|
|
| LEADER |
00000nas a22000007a 4500 |
| 001 |
ssj0004014 |
| 003 |
WaSeSS |
| 005 |
20200512172242.0 |
| 006 |
m d |
| 007 |
cr n |
| 008 |
050614d19852015mnumr pss 0 a0eng c |
| 010 |
|
|
|a 2007213254
|
| 022 |
|
|
|a 1939-1919
|l 1939-1919
|y 8750-7943
|
| 035 |
|
|
|a (WaSeSS)ssj0004014
|
| 037 |
|
|
|b Advanstar Communications, Inc., 131 W. 1st St., Duluth, MN 55802
|
| 040 |
|
|
|a OCLCS
|b eng
|c OCLCS
|d NSD
|d MUQ
|d OCLCQ
|d OCLCF
|d OCLCO
|d VT2
|d OCLCO
|d DLC
|d OCLCQ
|d OCLCO
|d OCLCQ
|d Z5A
|d OCLCO
|d CUS
|d WY@
|d OCLCO
|d OCLCA
|d U3W
|d OCLCO
|d OCLCA
|d REB
|d OCLCO
|d UUM
|d MOW
|d OCLCO
|d WYU
|d OCLCO
|d OCLCA
|d OCLCE
|d LIP
|d XFH
|d OCLCA
|d WaSeSS
|
| 042 |
|
|
|a pcc
|a nsdp
|
| 050 |
1 |
4 |
|a SF1
|
| 060 |
|
4 |
|a W1
|b VE933
|
| 082 |
1 |
0 |
|a 636
|2 14
|
| 130 |
0 |
|
|a Veterinary medicine (Edwardsville, Kan.)
|
| 210 |
0 |
|
|a Vet. med.
|b (1985. Online)
|
| 222 |
|
0 |
|a Veterinary medicine
|b (1985. Online)
|
| 245 |
1 |
0 |
|a Veterinary medicine
|h [electronic resource].
|
| 260 |
|
|
|a [Edwardsville, KS] :
|b [Veterinary Medicine Pub.]
|
| 310 |
|
|
|a Monthly
|
| 362 |
1 |
|
|a Print began with vol. 80, no. 1 (Jan. 1985); ceased with vol. 110 (Dec. 2015).
|
| 500 |
|
|
|a Imprint varies: Lenexa, KS, <July 1985->
|
| 506 |
|
|
|a License restrictions may limit access.
|
| 525 |
|
|
|a Supplements accompany some issues.
|
| 538 |
|
|
|a Mode of access: World Wide Web.
|
| 588 |
|
|
|a Description based on print version record.
|
| 650 |
|
0 |
|a Domestic animals
|v Periodicals.
|
| 650 |
|
0 |
|a Veterinary medicine
|v Periodicals.
|
| 650 |
|
3 |
|a Domestic animals
|v Periodicals.
|
| 650 |
|
3 |
|a Veterinary Medicine
|v Periodicals.
|
| 650 |
|
6 |
|a Animaux domestiques
|v Périodiques.
|
| 650 |
|
6 |
|a Médecine vétérinaire
|v Périodiques.
|
| 650 |
|
7 |
|a Domestic animals.
|2 fast
|0 (OCoLC)fst00896543
|
| 650 |
|
7 |
|a Veterinary medicine.
|2 fast
|0 (OCoLC)fst01165977
|
| 650 |
|
2 |
|a Animals, Domestic.
|
| 650 |
|
2 |
|a Veterinary Medicine.
|
| 655 |
|
0 |
|a Electronic journals.
|
| 776 |
1 |
|
|t Veterinary medicine (Edwardsville, Kan.)
|x 8750-7943
|w (DLC)sn 85000800
|w (OCoLC)11631608
|
| 780 |
0 |
0 |
|t Veterinary medicine, small animal clinician
|
| 785 |
0 |
0 |
|t Vetted
|x 2469-3995
|w (DLC) 2015203872
|w (OCoLC)928932555
|
| 856 |
4 |
0 |
|z Full text available from Research Library: 01/01/2002 to 11/30/2002
|u https://search.proquest.com/publication/41680
|
| 856 |
4 |
0 |
|z Full text available from Research Library: 08/01/2006 to 12/31/2015
|u https://search.proquest.com/publication/41680
|